000 00793nam a22002057a 4500
003 OSt
005 20240918094050.0
008 240917b ||||| |||| 00| 0 eng d
040 _cAIMIT LIBRARY
100 _aV, Vaishali K.
_e2216223
_9179178
245 _aComparative financial performance analysis of ACE manufacturing system Ltd, Bangalore /
_cBy Vaishali K V; Guided by Harinakshi
260 _aBangalore;
_c2024.
650 _aIndustry profile company profile and introduction to study
_9179179
650 _aResearch methodology
_9179180
650 _aData analysis & interpretation
_9179181
650 _aDiscussions of results & managerial implications
_9179182
700 _aHarinakshi
_eGuide
_9179183
856 _3ACE Manufacturing systems Ltd.
_uwww.amst.in
942 _2ddc
_cPRO
999 _c231811
_d231811